Culture shock : (Record no. 35780)
[ view plain ]
| 000 -LEADER | |
|---|---|
| fixed length control field | 00617nam a2200169 a 4500 |
| 005 - DATE AND TIME OF LATEST TRANSACTION | |
| control field | 20140520110318.0 |
| 008 - FIXED-LENGTH DATA ELEMENTS--GENERAL INFORMATION | |
| fixed length control field | 830926s1983 xx a 000 0 eng |
| 010 ## - LIBRARY OF CONGRESS CONTROL NUMBER | |
| LC control number | 83206373 |
| 100 1# - MAIN ENTRY--PERSONAL NAME | |
| Personal name | Loss, Myron. |
| 245 10 - TITLE STATEMENT | |
| Title | Culture shock : |
| Remainder of title | dealing with stress in cross-cultural living / |
| Statement of responsibility, etc | by Myron Loss ; cartoons by Terrill Nelson. |
| 260 ## - PUBLICATION, DISTRIBUTION, ETC. (IMPRINT) | |
| Place of publication, distribution, etc | [S.l.] : |
| Name of publisher, distributor, etc | M. Loss ; |
| Place of publication, distribution, etc | [Middleburg, PA : |
| Name of publisher, distributor, etc | May be ordered from Encouragement Ministries], |
| Date of publication, distribution, etc | c1983. |
| 300 ## - PHYSICAL DESCRIPTION | |
| Extent | x, 142 p. : |
| Other physical details | ill. ; |
| Dimensions | 21 cm. |
| 650 #0 - SUBJECT ADDED ENTRY--TOPICAL TERM | |
| Topical term or geographic name as entry element | Missionaries |
| General subdivision | Psychology. |
| 650 #0 - SUBJECT ADDED ENTRY--TOPICAL TERM | |
| Topical term or geographic name as entry element | Adjustment (Psychology) |
| 650 #0 - SUBJECT ADDED ENTRY--TOPICAL TERM | |
| Topical term or geographic name as entry element | Stress (Psychology) |
| 942 ## - ADDED ENTRY ELEMENTS (KOHA) | |
| Source of classification or shelving scheme | Library of Congress Classification |
| Item type | Books |
| Withdrawn status | Lost status | Source of classification or shelving scheme | Damaged status | Not for loan | Home library | Current library | Shelving location | Date acquired | Accession number | Total Checkouts | Full call number | Barcode | Date last seen | Price effective from | Koha item type | Source of acquisition | Copy number |
|---|---|---|---|---|---|---|---|---|---|---|---|---|---|---|---|---|---|
| Library of Congress Classification | BSOP Library | BSOP Library | General Circulation | 01/30/2013 | 12539 | BV 2094.6 L89 | 00018520 | 02/23/2013 | 02/23/2013 | Books | |||||||
| Library of Congress Classification | BSOP Library | BSOP Library | GC | 01/30/2013 | 35492 | BV 2094.6 L89 | 00042002 | 02/23/2013 | 02/23/2013 | Books | gift : Dr. Stewart Young | c.2 |
